The Journal of Industrial Economics

Gespeichert in:
Bibliographische Detailangaben
Format: Schriftenreihe
Sprache:Englisch
Veröffentlicht: Oxford Blackwell
Tags: Tag hinzufügen
Keine Tags, Fügen Sie das erste Tag hinzu!

MARC

LEADER 00000nas1a22000001 4500
001 s121021
005 20250718101857.9
022 |a 0022-1821 
022 |a 1467-6451 
041 0 |a eng 
044 |a GB 
245 1 0 |a The Journal of Industrial Economics 
264 1 |a Oxford  |b Blackwell